| 000 | 02636cam a2200409 a 4500 | ||
|---|---|---|---|
| 001 | 16955093 | ||
| 005 | 20170105102919.0 | ||
| 008 | 110909s2012 enk b 001 0 eng | ||
| 010 | _a 2011037641 | ||
| 015 |
_aGBB1C1607 _2bnb |
||
| 016 | 7 |
_a015951973 _2Uk |
|
| 020 | _a9781409422136 (hbk. : alk. paper) | ||
| 020 | _a1409422135 (hbk. : alk. paper) | ||
| 020 | _a9781409422143 (ebk.) | ||
| 020 | _a1409422143 (ebk.) | ||
| 035 | _a(OCoLC)ocn752472452 | ||
| 040 |
_aDLC _beng _cDLC _dYDX _dBTCTA _dYDXCP _dE7B _dUKMGB _dOCLCQ _dCDX _dPUL _dBWX _dDLC |
||
| 042 | _apcc | ||
| 043 | _amb----- | ||
| 050 | 0 | 0 |
_aJN98 _b.N48 2012 |
| 082 | 0 | 0 |
_a320.5409182/29 _223 |
| 245 | 0 | 0 |
_aNew regionalism or no regionalism? : _bemerging regionalism in the Black Sea area / _cedited by Ruxandra Ivan. |
| 260 |
_aFarnham, Surrey ; _aBurlington, VT : _bAshgate, _c2012. |
||
| 300 |
_axv, 227 p. ; _c24 cm. |
||
| 490 | 1 | _aThe international political economy of new regionalisms series | |
| 504 | _aIncludes bibliographical references and index. | ||
| 505 | 0 | _aFluid histories: culture, community, and the longue durée of the Black Sea world / Alexander A. Bauer, Owen P. Doonan -- Two axes, three seas: a geopolitical assessment of the wider Black Sea area / Nicolas Bárdos-Féltoronyi -- The Black Sea area within the international system: the struggle for influence between the USA and Russia / Baptiste Chatré, Stéphane Delory -- Energy politics in the Black Sea region / Radu Dudau, Armando Marques Guedes -- Normative narratives of EU foreign policy in the Black Sea region / Cristian Nitoiu -- The Russian factor in the wider Black Sea region: inconclusive status quo or a neo-imperial strategy? / Octavian Milevschi -- New regionalization for a new regional leader: the role of Azerbaijan in the Southern Caucasus / Samuel Lussac -- Black Sea leadership in Romanian foreign policy discourse / Ruxandra Ivan -- Regionalism at the margins: East Central European and Black Sea regional cooperation initiatives in comparative perspective / Luciana Ghica -- A comparison of Caribbean and Black Sea regionalisms / Caterina Preda. | |
| 650 | 0 |
_aRegionalism _zBlack Sea Region. |
|
| 650 | 0 |
_aGeopolitics _zBlack Sea Region. |
|
| 651 | 0 |
_aBlack Sea Region _xPolitics and government _y21st century. |
|
| 651 | 0 |
_aBlack Sea Region _xForeign relations. |
|
| 700 | 1 | _aIvan, Ruxandra. | |
| 830 | 0 | _aInternational political economy of new regionalisms series. | |
| 906 |
_a7 _bcbc _corignew _d1 _eecip _f20 _gy-gencatlg |
||
| 942 |
_2ddc _cBK |
||
| 999 |
_c15510 _d15510 |
||